Kapital und Arbeit in der Bundesrepublik

में बचाया:
ग्रंथसूची विवरण
मुख्य लेखक: Jaeggi, Urs
स्वरूप: पुस्तक
भाषा:Undetermined
प्रकाशित: [ Frankfurt am Main ] S. Fischer 1973
विषय:
टैग : टैग जोड़ें
कोई टैग नहीं, इस रिकॉर्ड को टैग करने वाले पहले व्यक्ति बनें!
Thư viện lưu trữ: Trung tâm Học liệu Trường Đại học Cần Thơ
LEADER 00511nam a2200181Ia 4500
001 CTU_83504
008 210402s9999 xx 000 0 und d
082 |a 323 
082 |b J22 
100 |a Jaeggi, Urs 
245 0 |a Kapital und Arbeit in der Bundesrepublik 
245 0 |c Urs Jaeggi 
260 |a [ Frankfurt am Main ] 
260 |b S. Fischer 
260 |c 1973 
650 |a Politics and government,Social conditions 
904 |i QHieu(sửa) 
980 |a Trung tâm Học liệu Trường Đại học Cần Thơ